000 00296nam a22001337a 4500
008 170926b xxu||||| |||| 00| 0 eng d
020 _a9781428292550
041 _aeng
080 _28TH
_a37
100 _a46
101 _aEDU
245 _aWRITING, READING &RESEARCH
_cVEIT,R
942 _2udc
_cBK
999 _c30057
_d30057